000 00794nam a2200265Ia 4500
001 Para_2765
003 CHAP
008 220125s1979 xx 000 0 und d
010 _a201223
040 _cCHAP
082 _aPA 634 B6
100 _aBoethel, David J
_913395
245 _aPest management programs for deciduous tree fruits and nuts /
_c by David J.Boethel and Raymond D. Eikenbary
260 _aNew York :
_b Plenum
300 _a256 p.
650 _aArboles frutales
_x Plagas Fruta
_x Plagas Nuez
_x Plagas Control de plagas
_9166098
700 _aEikenbary, Raymond D.
_935807
901 _aPA 634 B6
902 _aA
905 _a0000001979 NEWabi 0000000000 00
910 _a1979
942 _cPARA
942 _cPARA
_d1
999 _c201223
_d201223